| 000 | 01498cam a2200277 4500 | ||
|---|---|---|---|
| 001 | WB@3612-74 | ||
| 008 | 041005n2004 000 0 eng u | ||
| 035 | _a(Sirsi) u127623 | ||
| 245 | _aBuilders bank on profits | ||
| 260 | _c2004 | ||
| 490 |
_aRICS News Service _v 29 September 2004 (1) |
||
| 520 | _aThe "RICS construction market survey United Kingdom" for the third quarter 2004 shows profit expectations rising to their highest level since the end of the millennium construction boom. Growth in construction workloads has slowed in the third quarter following a strong first six months of 2004 but remains above the long-term average for the survey. The slowdown has been fairly sharp in the private housebuilding and non-housing public works sectors. Surveyors remain very optimistic for activity over the next three and 12 months with private sector work providing the main boost. The survey is available at http://www.rics.org/NR/rdonlyres/AB3809FE-4E71-4E3 4-B48F-3C6BC021D8D6/0/RICS_construction_survey_Q30 4.pdf. http://www.rics.org/Builtenvironment/builders+bank +on+profits.htm | ||
| 590 | _aWB | ||
| 590 | _aWB | ||
| 650 | _aINTEREST RATES | ||
| 650 | _aPRIVATE COMMERCIAL | ||
| 650 | _aPUBLIC HOUSING | ||
| 650 | _aPUBLIC WORKS | ||
| 650 | _aPUBLIC NON-HOUSING | ||
| 650 |
_aInfrastructure _96246 |
||
| 650 | _aPRIVATE HOUSING | ||
| 650 | _aCONSTRUCTION INDUSTRY | ||
| 650 | _aRICS MARKET SURVEYS | ||
| 690 | _aBUILDING AND CONSTRUCTION-MARKET | ||
| 942 | _n0 | ||
| 999 |
_c118120 _d118120 |
||